| 000 | 00523nmm a2200169Ia 4500 | ||
|---|---|---|---|
| 008 | 251105s9999||||xx |||||||||||||||||und|| | ||
| 020 | _a9781612364933 | ||
| 041 | _aspa | ||
| 100 | _aThames, Susan | ||
| 245 | 0 | _aMis parques nacionales = My National parks | |
| 264 |
_a[Madrid, España] : _bRourke Educational Media, _c2007 |
||
| 300 | _a24 páginas | ||
| 490 | _aEl mundo que me rodea / The world around me | ||
| 650 | _aAges 9-12 Years Old | ||
| 856 | _uhttps://public.digitaliapublishing.com/a/24628 | ||
| 942 | _cCF | ||
| 999 |
_c75118 _d75118 |
||